Architecture and the politics of gender in early modern europe / (Record no. 353909)

000 -LEADER
fixed length control field 02154nam a2200301 a 4500
001 - CONTROL NUMBER
control field ASIN0754603091
003 - CONTROL NUMBER IDENTIFIER
control field OSt
005 - DATE AND TIME OF LATEST TRANSACTION
control field 20180116192421.0
008 - FIXED-LENGTH DATA ELEMENTS--GENERAL INFORMATION
fixed length control field 140227s2003 xxu eng d
020 ## - INTERNATIONAL STANDARD BOOK NUMBER
International Standard Book Number 0754603091 (hardcover)
Terms of availability $130.00
020 ## - INTERNATIONAL STANDARD BOOK NUMBER
International Standard Book Number 9780754603092 (hardcover)
040 ## - CATALOGING SOURCE
Transcribing agency SADA
050 04 - LIBRARY OF CONGRESS CALL NUMBER
Classification number NA2543.W65
082 04 - DEWEY DECIMAL CLASSIFICATION NUMBER
Classification number 720.82094
245 10 - TITLE STATEMENT
Title Architecture and the politics of gender in early modern europe /
Statement of responsibility, etc. Helen Hills.
260 ## - PUBLICATION, DISTRIBUTION, ETC.
Place of publication, distribution, etc. [S.l.] :
Name of publisher, distributor, etc. Ashgate Pub Ltd,
Date of publication, distribution, etc. 2003.
300 ## - PHYSICAL DESCRIPTION
Extent 258 p. ;
Dimensions 23 cm.
490 1# - SERIES STATEMENT
Series statement Women and gender in the early modern world.
520 ## - SUMMARY, ETC.
Summary, etc. Written by leading scholars in the field, the essays in this book address the relationships between gender and the built environment, specifically architecture, in early modern Europe. Scholars have begun to investigate the relationship between women and architecture and the ways in which architecture plays a part in the construction of gendered identities. So far the debates have focused on the built environment of the nineteenth and twentieth centuries to the neglect of the early modern period. This book focuses on early modern Europe, a period decisive for our understanding of gender and sexuality. Much thoughtful scholarship has enhanced our understanding of gender division in early modern Europe, but often this is blunted because it considers gender in isolation from other vital factors, especially social class. Central to the concerns of this book, therefore, is a consideration of the intersections of gender with social rank. Gender, Architecture and Power in Early Modern Europe makes a major contribution to the developing analysis of how architecture contributes to the shaping of social relations, especially in relation to gender, in early modern Europe.
650 #0 - SUBJECT ADDED ENTRY--TOPICAL TERM
Topical term or geographic name entry element Architecture
9 (RLIN) 7389
650 #0 - SUBJECT ADDED ENTRY--TOPICAL TERM
Topical term or geographic name entry element Architecture and society
9 (RLIN) 7390
650 #0 - SUBJECT ADDED ENTRY--TOPICAL TERM
Topical term or geographic name entry element Architecture and women
9 (RLIN) 7391
650 #0 - SUBJECT ADDED ENTRY--TOPICAL TERM
Topical term or geographic name entry element Europe
9 (RLIN) 7392
700 1# - ADDED ENTRY--PERSONAL NAME
Personal name Hills, Helen.
9 (RLIN) 7393
830 #0 - SERIES ADDED ENTRY--UNIFORM TITLE
Uniform title Women and gender in the early modern world.
9 (RLIN) 7394
856 40 - ELECTRONIC LOCATION AND ACCESS
Materials specified Amazon.com
Uniform Resource Identifier <a href="http://www.amazon.com/exec/obidos/ASIN/0754603091/chopaconline-20">http://www.amazon.com/exec/obidos/ASIN/0754603091/chopaconline-20</a>
942 ## - ADDED ENTRY ELEMENTS (KOHA)
Source of classification or shelving scheme
Koha item type Book
Holdings
Withdrawn status Lost status Source of classification or shelving scheme Damaged status Not for loan Permanent Location Current Location Date acquired Total Checkouts Full call number Barcode Date last seen Date last checked out Cost, replacement price Price effective from Koha item type
          School of Art Design and Architecture (SADA) School of Art Design and Architecture (SADA) 02/25/2014 1 720.82094 ARC 2003 SADA0002245 09/17/2014 09/10/2014 6600.67 02/28/2014 Book
© 2023 Central Library, National University of Sciences and Technology. All Rights Reserved.